Rural tourism (Record no. 72315)

MARC details
000 -LEADER
fixed length control field 01297cam a2200229 4500
001 - CONTROL NUMBER
control field WB3911-14
008 - FIXED-LENGTH DATA ELEMENTS--GENERAL INFORMATION
fixed length control field 030318n2003 000 0 eng u
035 ## - SYSTEM CONTROL NUMBER
System control number (Sirsi) u121654
245 ## - TITLE STATEMENT
Title Rural tourism
260 ## - PUBLICATION, DISTRIBUTION, ETC.
Date of publication, distribution, etc. 2003
490 ## - SERIES STATEMENT
Series statement Planning (for the Natural and Built Environment)
Volume/sequential designation (1510) 14 March 2003, 3(1)
520 ## - SUMMARY, ETC.
Summary, etc. Country Land & Business Association warns that rural tourism is hampered by the interpretation and operation of planning rules. Argues that planning rules are often over restrictive in many areas such as roadside advertisements. Local planning authorities are encouraged to apply flexibility to applications for converting barns and to the use of standard highway criteria. Refers to an ICM poll on the publics attitude to the countryside which shows that 85% would support a scheme that gives incentives to visitors to the countryside to spend their money on local goods and services. For the Country Land & Business Association News Release: http://www.cla.org.uk/Documentt.php?docno=457
590 ## - LOCAL NOTE (RLIN)
Local note WB
650 ## - SUBJECT ADDED ENTRY--TOPICAL TERM
Topical term or geographic name entry element COUNTRY LAND AND BUSINESS ASSOCIATION
650 ## - SUBJECT ADDED ENTRY--TOPICAL TERM
Topical term or geographic name entry element RURAL TOURISM
650 ## - SUBJECT ADDED ENTRY--TOPICAL TERM
Topical term or geographic name entry element PLANNING SYSTEM
650 ## - SUBJECT ADDED ENTRY--TOPICAL TERM
Topical term or geographic name entry element PLANNING AUTHORITIES
650 ## - SUBJECT ADDED ENTRY--TOPICAL TERM
Topical term or geographic name entry element LISTED BUILDINGS
650 ## - SUBJECT ADDED ENTRY--TOPICAL TERM
Topical term or geographic name entry element TOURISM INDUSTRY
690 ## - LOCAL SUBJECT ADDED ENTRY--TOPICAL TERM (OCLC, RLIN)
Topical term or geographic name as entry element RURAL-MARKET
942 ## - ADDED ENTRY ELEMENTS (KOHA)
Suppress in OPAC 0
Holdings
Withdrawn status Lost status Source of classification or shelving scheme Damaged status Not for loan Home library Current library Shelving location Date acquired Total Checkouts Full call number Barcode Date last seen Copy number Price effective from Koha item type
    Dewey Decimal Classification     London London News article 18/03/2003   WB3911-14 121654-1001 06/08/2019 1 06/08/2019 News article